[Event "65. BEM 2011"]
[Site "Dortmund"]
[Date "2011.02.14"]
[Round "4.16"]
[White "Tekin, Baran"]
[Black "Dirks, Rainer"]
[Result "1-0"]
[WhiteElo "1481"]
[BlackElo "1258"]
[PlyCount "79"]
[EventDate "2011.??.??"]
[Source "SG Dortmund"]
[SourceDate "2004.12.16"]

1. d4 d5 2. Nf3 f6 3. c4 Bg4 4. Qb3 c6 5. Qxb7 Nd7 6. Qxc6 e6 7. cxd5 Rc8 8.
Qa4 Rxc1+ 9. Kd2 Qc8 10. e3 Bxf3 11. gxf3 Rc7 12. dxe6 Qb8 13. exd7+ Rxd7 14.
Bb5 Kd8 15. b3 Rb7 16. Bc4 Qc7 17. Rc1 Qxh2 18. Qa5+ Rb6 19. Qd5+ Bd6 20. Ke2
Qh6 21. Qa8+ Bb8 22. Bxg8 Qh5 23. Rc5 Qe8 24. Qd5+ Rd6 25. Qc4 Qd7 26. Bd5 Ke7
27. Nd2 h5 28. Ne4 Rb6 29. Rg1 g5 30. Bc6 Qe6 31. Qxe6+ Kxe6 32. Bd5+ Ke7 33.
Ng3 h4 34. Nf5+ Kd8 35. f4 h3 36. fxg5 h2 37. Rgc1 Kd7 38. g6 Rh5 39. g7 Ra6
40. a4 1-0

[Event "65. BEM 2011"]
[Site "Dortmund"]
[Date "2011.02.14"]
[Round "4.17"]
[White "Müller, Carsten"]
[Black "Raabe, Hans-Ulrich"]
[Result "0-1"]
[WhiteElo "1299"]
[BlackElo "1468"]
[PlyCount "96"]
[EventDate "2011.??.??"]
[Source "SG Dortmund"]
[SourceDate "2004.12.16"]

1. d4 Nf6 2. c4 g6 3. Nc3 d5 4. Nf3 Bg7 5. e3 O-O 6. Qb3 dxc4 7. Bxc4 Nc6 8.
Ng5 e6 9. Nge4 Nxe4 10. Nxe4 Na5 11. Qb4 Nxc4 12. Qxc4 Bd7 13. O-O a6 14. Re1
Bc6 15. Nd2 e5 16. Nb3 Qd5 17. Qxd5 Bxd5 18. dxe5 Bxb3 19. axb3 Bxe5 20. Ra2
Rfd8 21. f4 Bg7 22. Kf2 Rd3 23. Ra3 Rad8 24. Re2 Rd1 25. Ra1 R1d3 26. b4 c6 27.
Ra3 f5 28. Rc2 Kf7 29. Ke2 {(=)} 29... Rxa3 30. bxa3 Rd5 31. h3 Ke6 32. g4 Bf8
33. Rd2 Rxd2+ 34. Bxd2 Kd5 35. Kd3 b5 36. Bc3 c5 37. bxc5 Bxc5 38. Bb4 Bb6 39.
gxf5 gxf5 40. h4 h5 41. Bc3 Bd8 42. Be1 Be7 43. Bb4 Bxh4 44. Ke2 Ke4 45. Bc5
Bf6 46. Kf2 Bb2 47. Ke2 Bc1 48. Kf2 h4 0-1

[Event "65. BEM 2011"]
[Site "Dortmund"]
[Date "2011.02.14"]
[Round "4.18"]
[White "Skoecz, Horst"]
[Black "Grawe, Herbert"]
[Result "0-1"]
[WhiteElo "1250"]
[BlackElo "1457"]
[PlyCount "27"]
[EventDate "2011.??.??"]
[Source "SG Dortmund"]
[SourceDate "2004.12.16"]

1. e4 Nc6 2. d4 e5 3. Nf3 exd4 4. Nxd4 Ne5 5. Nf3 Ng6 6. Bc4 c6 7. Bxf7+ Kxf7
8. Ng5+ Ke8 9. Qh5 Nf6 10. Qe2 Bd6 11. Qc4 Qe7 12. O-O h6 13. Nf3 b5 14. Qd3 {
Schwarz rochiert hier, obwohl eine Rochade nicht mehr moeglich ist. Der Fehler
blieb bis nach Ende der Partie unbemerkt. Es folgte: 14...0-0 15.Ld2 Sg4 16.h3
S4e5 17.Sxe5 Sxe5 18.De2 Lc7 19.Dh5 Df6 20.Le3 Sc4 21.Sd2 Dd6 22.g3 Sxd2 23.
Lxd2 Dxd2 24.Dd1 Dg5 25.Dg4 Dc5 26.De2 d5 27.Kg2 De7 28.Tae1 De6 29.Dg4 De5 30.
De2 Le6 31.f4 Dxb2 32.f5 Lf7 33.e5 Da3 34.Tf3 Dxa2 35.f6 Lg6 36.Kh2 Le4 37.Tf4
Dxc2 38.Tg4 Dxe2+ 39.Txe2 g5 40.Tf2 Lxe5 41.h4 Txf6 42.Td2 Lf5 43.hxg5 Tg6 44.
Th4 hxg5 45.Th5 Lg4 46.Th3 Tf8 47.Kg2 Lxh3+ 48.Kxh3 Tf3 49.Tg2 g4+ 50.Kh4 Kg7
51.Te2 Txg3 und Weiss gab auf.} 0-1

[Event "65. BEM 2011"]
[Site "Dortmund"]
[Date "2011.02.14"]
[Round "4.19"]
[White "Da Costa-Hoppe, Andreas"]
[Black "Reineke, Tobias"]
[Result "0-1"]
[WhiteElo "1040"]
[BlackElo "1430"]
[PlyCount "104"]
[EventDate "2011.??.??"]
[Source "SG Dortmund"]
[SourceDate "2004.12.16"]

1. e4 c6 2. d4 d5 3. e5 Bf5 4. Nf3 e6 5. Bd3 Ne7 6. Bg5 Bxd3 7. Qxd3 Qb6 8. b3
Nf5 9. O-O c5 10. c3 Nd7 11. Nbd2 h6 12. Bh4 Nxh4 13. Nxh4 Be7 14. Nhf3 O-O 15.
c4 cxd4 16. Qxd4 Qxd4 17. Nxd4 Nxe5 18. cxd5 exd5 19. Rfe1 Bf6 20. Rad1 Nd3 21.
Re3 Nxf2 22. Kxf2 Bxd4 23. Nf3 Bxe3+ 24. Kxe3 Rfe8+ 25. Kf2 Red8 26. Nd4 Rac8
27. Rd3 Rc5 28. Nf5 Rc2+ 29. Kg3 Rxa2 30. Ne7+ Kf8 31. Nxd5 Ra5 32. Nf4 Rxd3+
33. Nxd3 Ra3 34. Nc1 a5 35. Kf2 a4 36. bxa4 Rxa4 37. Ke3 Ke7 38. h3 Kd6 39. Nd3
Ra3 40. Kd4 Rxd3+ 41. Kxd3 Ke5 42. g3 g5 43. h4 gxh4 44. gxh4 f5 45. h5 f4 46.
Ke2 b5 47. Kd2 Ke4 48. Ke2 f3+ 49. Kf2 b4 50. Kf1 b3 51. Ke1 b2 52. Kf2 b1=Q
0-1

[Event "65. BEM 2011"]
[Site "Dortmund"]
[Date "2011.02.14"]
[Round "4.20"]
[White "Vogt, Christian"]
[Black "Wilkins, Petra"]
[Result "1-0"]
[WhiteElo "1376"]
[BlackElo "778"]
[PlyCount "85"]
[EventDate "2011.??.??"]
[Source "SG Dortmund"]
[SourceDate "2004.12.16"]

1. d4 Nf6 2. c4 g6 3. Nf3 Bg7 4. Nc3 O-O 5. g3 d6 6. Bg2 Nfd7 7. O-O e5 8. Be3
Nc6 9. d5 Ne7 10. Rc1 Nf5 11. Bd2 Nf6 12. Ng5 h6 13. Nge4 Nh7 14. c5 h5 15.
cxd6 cxd6 16. Nb5 Qb6 17. Nc7 Rb8 18. b3 Bd7 19. a4 a6 20. a5 Qa7 21. Bb4 Rfc8
22. Nxd6 Nxd6 23. Bxd6 f6 24. Bc5 b6 25. axb6 Rxb6 26. Bxb6 Qxb6 27. d6 Ng5 28.
Qd5+ Kh7 29. Qc5 Qxb3 30. Bd5 Ne6 31. Bxe6 Bxe6 32. Qa7 Bf8 33. Nxe6+ Kh6 34.
Rxc8 Qxe6 35. Rxf8 Qxd6 36. Rg8 Kg5 37. Qg7 Kf5 38. Qxg6+ Ke6 39. Qe8+ Kd5 40.
Qd8 Qxd8 41. Rxd8+ Ke4 42. Ra1 Kf5 43. Rxa6 1-0

[Event "65. BEM 2011"]
[Site "Dortmund"]
[Date "2011.02.14"]
[Round "4.21"]
[White "Rabe, Mark"]
[Black "Schlepütz, Volker"]
[Result "0-1"]
[WhiteElo "998"]
[BlackElo "1326"]
[PlyCount "88"]
[EventDate "2011.??.??"]
[Source "SG Dortmund"]
[SourceDate "2004.12.16"]

1. Nf3 Nf6 2. d4 d6 3. Nc3 g6 4. e4 Bg7 5. Be2 O-O 6. Bf4 Nh5 7. Be3 e5 8. dxe5
dxe5 9. Qxd8 Rxd8 10. Rd1 Rxd1+ 11. Bxd1 Bd7 12. Nd5 Na6 13. O-O c6 14. Nc3 Nc7
15. Be2 b5 16. Rd1 Be8 17. Bc5 Nf4 18. Bf1 Na6 19. Be7 f6 20. Rd8 Rxd8 21. Bxd8
Nc5 22. b3 Bd7 23. Be7 Nfe6 24. g3 Kf7 25. Bxc5 Nxc5 26. h4 b4 27. Nb1 Nxe4 28.
Nfd2 Nc5 29. c3 a5 30. Nc4 Nb7 31. cxb4 axb4 32. Nb6 Be6 33. Be2 Ke7 34. Bf3
Kd6 35. Na4 Na5 36. Nd2 f5 37. Be2 e4 38. Kf1 Bh6 39. f4 Bg7 40. Nb1 Bd4 41.
Ke1 Nxb3 42. Bd1 Nc5 43. Nb6 Nd3+ 44. Ke2 Nc1+ 0-1

[Event "65. BEM 2011"]
[Site "Dortmund"]
[Date "2011.02.14"]
[Round "4.22"]
[White "Gennat, Egon L"]
[Black "Reker, Gerhard"]
[Result "1-0"]
[WhiteElo "1318"]
[BlackElo "724"]
[PlyCount "67"]
[EventDate "2011.??.??"]
[Source "SG Dortmund"]
[SourceDate "2004.12.16"]

1. d4 d5 2. c4 Nf6 3. Nf3 e6 4. Nc3 c6 5. e3 Bb4 6. a3 Bxc3+ 7. bxc3 O-O 8. Bd3
dxc4 9. Bxc4 Ne4 10. Qc2 Nd6 11. Bd3 Nf5 12. O-O b5 13. a4 a6 14. axb5 cxb5 15.
Bxb5 Bd7 16. Bd3 Nc6 17. Bd2 Nce7 18. c4 Bc6 19. Be4 Bxe4 20. Qxe4 Ra7 21. Rfc1
Ng6 22. c5 Qc7 23. Ba5 Qb7 24. Qxb7 Rxb7 25. c6 Ra7 26. g3 Nd6 27. Bb4 Rd8 28.
c7 Rd7 29. Bxd6 Rxd6 30. c8=Q+ Nf8 31. Ng5 h6 32. Ne4 Rd5 33. Nc5 f5 34. Nxe6
1-0

[Event "65. BEM 2011"]
[Site "Dortmund"]
[Date "2011.02.14"]
[Round "4.23"]
[White "Wangrin, Stefan A"]
[Black "Jentzsch, Werner Wilfried"]
[Result "0-1"]
[WhiteElo "1157"]
[BlackElo "1301"]
[PlyCount "52"]
[EventDate "2011.??.??"]
[Source "SG Dortmund"]
[SourceDate "2004.12.16"]

1. e4 e6 2. c4 d6 3. Nf3 Nd7 4. d4 Ne7 5. Be3 g6 6. d5 Bg7 7. Nc3 O-O 8. dxe6
fxe6 9. Ng5 Ne5 10. Be2 h6 11. h4 hxg5 12. hxg5 b6 13. f4 N5c6 14. Bh5 gxh5 15.
Qxh5 Qe8 16. Qh7+ Kf7 17. Qh5+ Ng6 18. f5 exf5 19. exf5 Qxe3+ 20. Ne2 Bxf5 21.
Rf1 Nd4 22. Rxf5+ Nxf5 23. Qf3 Bxb2 24. Qxf5+ Kg7 25. Qd7+ Rf7 26. Qh3 Bc3+ 0-1

[Event "65. BEM 2011"]
[Site "Dortmund"]
[Date "2011.02.15"]
[Round "5.1"]
[White "Begna, Bozidar"]
[Black "Kohlweyer, Bernd"]
[Result "0-1"]
[WhiteElo "1932"]
[BlackElo "2459"]
[PlyCount "64"]
[EventDate "2011.??.??"]
[Source "SG Dortmund"]
[SourceDate "2004.12.16"]

1. e4 c5 2. Nf3 e6 3. c3 Nf6 4. e5 Nd5 5. d4 cxd4 6. cxd4 d6 7. Nc3 Nxc3 8.
bxc3 Qc7 9. Bd2 Nd7 10. Qa4 b6 11. Be2 Bb7 12. O-O Bc6 13. exd6 Bxd6 14. Qc2
Rc8 15. h3 O-O 16. Ng5 Nf6 17. Bd3 h6 18. Nh7 Nxh7 19. Bxh7+ Kh8 20. Bd3 Qb7
21. Rae1 Bxg2 22. Be4 Bxe4 23. Rxe4 Qd5 24. Rh4 f5 25. Qd1 Rf6 26. Qh5 Kh7 27.
Re1 Rg6+ 28. Kf1 Qg2+ 29. Ke2 Bg3 30. Kd3 Bxf2 31. Re2 Qg3+ 32. Be3 Qxh4 0-1

[Event "65. BEM 2011"]
[Site "Dortmund"]
[Date "2011.02.15"]
[Round "5.3"]
[White "Hoppe, Dirk"]
[Black "Brockmann, Michael"]
[Result "0-1"]
[WhiteElo "1815"]
[BlackElo "2062"]
[PlyCount "68"]
[EventDate "2011.??.??"]
[Source "SG Dortmund"]
[SourceDate "2004.12.16"]

1. Nf3 d5 2. d4 Nf6 3. g3 c5 4. c3 Nc6 5. Bg2 e6 6. Bf4 Be7 7. Nbd2 O-O 8. Ne5
Qb6 9. Qb3 cxd4 10. Qxb6 axb6 11. Nxc6 bxc6 12. cxd4 Ba6 13. Bf3 Nd7 14. h4
Rac8 15. O-O c5 16. Nb3 cxd4 17. Nxd4 e5 18. Nf5 Bc5 19. Bd2 e4 20. Bxe4 dxe4
21. b4 e3 22. fxe3 g6 23. bxc5 gxf5 24. cxb6 Rc2 25. Bb4 Re8 26. Rxf5 Rxe3 27.
Rg5+ Kh8 28. Re1 Ne5 29. Rf5 Nd3 30. exd3 Rxg3+ 31. Kh1 Bb7+ 32. Re4 Rxd3 33.
Rfe5 Rd1+ 34. Be1 Rxe1# 0-1

[Event "65. BEM 2011"]
[Site "Dortmund"]
[Date "2011.02.15"]
[Round "5.4"]
[White "Zelt, Jens"]
[Black "Grube, Jörg"]
[Result "1/2-1/2"]
[WhiteElo "2013"]
[BlackElo "1853"]
[PlyCount "113"]
[EventDate "2011.??.??"]
[Source "SG Dortmund"]
[SourceDate "2004.12.16"]

1. d4 f5 2. e3 g6 3. Bd3 Bg7 4. f4 Nf6 5. Nd2 O-O 6. Ngf3 d6 7. Qe2 c6 8. O-O
a5 9. a4 Na6 10. c3 Nc7 11. b3 Ng4 12. h3 Nh6 13. Bb2 Kh8 14. Bc4 Bd7 15. Rfc1
Qe8 16. Bd3 Nf7 17. Nc4 Nd5 18. Qe1 e5 19. dxe5 dxe5 20. Ncxe5 Nxe5 21. Nxe5
Bxe5 22. fxe5 Qxe5 23. Qf2 Nf6 24. c4 Qe7 25. Re1 Kg8 26. Rad1 Rad8 27. Qd2 b6
28. c5 bxc5 29. Qxa5 Nd5 30. Bc4 Be6 31. Qd2 Qg5 32. Qc2 Rde8 33. Bc1 Qg3 34.
Qf2 Qxf2+ 35. Kxf2 Nf6 36. Bxe6+ Rxe6 37. Rd3 Ra8 38. Bb2 c4 39. bxc4 Rxa4 40.
Bxf6 Rxf6 41. Rc1 Re6 42. Rcc3 Kf7 43. g4 fxg4 44. hxg4 Kf6 45. Rd4 Kg5 46. Rf4
Rf6 47. Kg3 Ra1 48. Rxf6 Kxf6 49. Rd3 Ke5 50. Rd4 Rf1 51. Rd7 h5 52. gxh5 gxh5
53. Rd4 Rf6 54. Rh4 Rf5 55. Rd4 Rf6 56. Rh4 Rf5 57. Rd4 1/2-1/2

[Event "65. BEM 2011"]
[Site "Dortmund"]
[Date "2011.02.15"]
[Round "5.5"]
[White "Schütte, Tobias"]
[Black "Schultz, Bernfried"]
[Result "1/2-1/2"]
[WhiteElo "1897"]
[BlackElo "1692"]
[PlyCount "82"]
[EventDate "2011.??.??"]
[Source "SG Dortmund"]
[SourceDate "2004.12.16"]

1. e4 e5 2. Nf3 Nc6 3. Nc3 Nf6 4. d4 exd4 5. Nd5 Be7 6. Bf4 d6 7. Nxd4 Nxd4 8.
Qxd4 O-O 9. O-O-O Nxd5 10. exd5 Bf6 11. Qd2 Bf5 12. f3 h5 13. h4 Re8 14. Be2
Be5 15. Bxe5 Rxe5 16. f4 Re7 17. Bxh5 Qd7 18. Rde1 Be4 19. Bd1 Rae8 20. Rh3 Qb5
21. Rhe3 Kf8 22. Bf3 Bxf3 23. Rxe7 Rxe7 24. Rxe7 Kxe7 25. Qe3+ Kf8 26. Qxf3 Qa5
27. Qe4 Qxa2 28. c3 Qa1+ 29. Kc2 Qf1 30. f5 Qf2+ 31. Kb3 a5 32. h5 b5 33. g4
Qf1 34. Qd4 Qb1 35. c4 a4+ 36. Kb4 bxc4 37. Qxc4 Qxb2+ 38. Kxa4 Qb6 39. Qe4
Qa7+ 40. Kb4 Qc5+ 41. Kb3 Qb6+ 1/2-1/2

[Event "65. BEM 2011"]
[Site "Dortmund"]
[Date "2011.02.15"]
[Round "5.6"]
[White "Stukemeier, Ralf"]
[Black "Hellwig, Thomas"]
[Result "0-1"]
[WhiteElo "1779"]
[BlackElo "1886"]
[PlyCount "80"]
[EventDate "2011.??.??"]
[Source "SG Dortmund"]
[SourceDate "2004.12.16"]

1. e4 c5 2. Nf3 d6 3. d4 cxd4 4. Nxd4 Nf6 5. Nc3 g6 6. Be3 Bg7 7. Bc4 O-O 8.
Qd2 Ng4 9. O-O-O Nxe3 10. Qxe3 Nc6 11. Nxc6 bxc6 12. Kb1 Qb6 13. Qxb6 axb6 14.
f4 Bxc3 15. bxc3 Ra4 16. Bb3 (16. Rd4 $1) 16... Rxe4 17. g3 d5 18. Kb2 Bf5 19.
Rhe1 e6 20. Rxe4 Bxe4 21. c4 Rd8 22. cxd5 exd5 23. Re1 Kf8 24. Re2 f5 25. Rd2
Ke7 26. c3 b5 27. a4 bxa4 28. Bxa4 c5 29. Kc1 Ra8 30. Bc6 Ra1+ 31. Kb2 Rb1+ 32.
Ka2 Rb6 33. Bxd5 Rd6 34. c4 Bxd5 35. cxd5 Rb6 36. Ka3 Kd6 37. Ka4 Rb4+ 38. Ka3
Rd4 39. Rxd4 cxd4 40. Kb3 Kxd5 0-1

[Event "65. BEM 2011"]
[Site "Dortmund"]
[Date "2011.02.15"]
[Round "5.7"]
[White "Jähnicke, Karl-Heinz"]
[Black "Schulz-Runge, Michael"]
[Result "1-0"]
[WhiteElo "1694"]
[BlackElo "1766"]
[PlyCount "81"]
[EventDate "2011.??.??"]
[Source "SG Dortmund"]
[SourceDate "2004.12.16"]

1. d4 Nf6 2. c4 c5 3. e3 cxd4 4. exd4 d5 5. Nf3 Nc6 6. cxd5 Nxd5 7. Bc4 e6 8.
O-O Be7 9. Nc3 Nb6 10. Bb5 O-O 11. Bxc6 bxc6 12. Ne5 Bb7 13. Qf3 Qc8 14. Qg4 c5
15. Be3 cxd4 16. Bxd4 f6 17. Bxb6 axb6 18. Nf3 Bc5 19. Rfe1 f5 20. Qg3 Rf6 21.
Qf4 Qc6 22. Rad1 Raf8 23. Rd3 b5 24. b4 Bb6 25. Red1 Bc7 26. Qd2 Rg6 27. a4
bxa4 28. b5 Qc5 29. Ne1 f4 30. Rd7 Rxg2+ 31. Nxg2 Qg5 32. f3 Bb6+ 33. Kh1 Bxf3
34. Rf1 Be3 35. Qa2 Ba8 36. Qxe6+ Kh8 37. Ne4 Qxb5 38. Nxe3 Bxe4+ 39. Qxe4 Qxd7
40. Rxf4 Rxf4 41. Qa8+ 1-0

[Event "65. BEM 2011"]
[Site "Dortmund"]
[Date "2011.02.15"]
[Round "5.8"]
[White "Simon, Thomas"]
[Black "Ziemek, Gerhard"]
[Result "1/2-1/2"]
[WhiteElo "1870"]
[BlackElo "1638"]
[PlyCount "25"]
[EventDate "2011.??.??"]
[Source "SG Dortmund"]
[SourceDate "2004.12.16"]

1. e4 e5 2. Nf3 Nc6 3. Bc4 Be7 4. d3 Nf6 5. Nc3 O-O 6. a3 a6 7. Nd5 d6 8. Nxf6+
Bxf6 9. h3 Rb8 10. O-O b5 11. Bd5 Bb7 12. Be3 h6 13. c3 1/2-1/2

[Event "65. BEM 2011"]
[Site "Dortmund"]
[Date "2011.02.15"]
[Round "5.9"]
[White "Gerke, Dieter"]
[Black "Büchle, Manfred"]
[Result "0-1"]
[WhiteElo "1442"]
[BlackElo "1853"]
[PlyCount "130"]
[EventDate "2011.??.??"]
[Source "SG Dortmund"]
[SourceDate "2004.12.16"]

1. d4 d5 2. c4 e6 3. Nf3 Nf6 4. Bg5 Be7 5. e3 O-O 6. Be2 b6 7. O-O Bb7 8. Nbd2
Nbd7 9. Qc2 Rc8 10. Rac1 a6 11. a3 c5 12. b3 cxd4 13. exd4 Bxa3 14. Ra1 Be7 15.
Qa2 h6 16. Bh4 Ne4 17. Bxe7 Qxe7 18. Nxe4 dxe4 19. Nd2 Qg5 20. Rad1 Rfd8 21.
Qa1 f5 22. Qc3 Nf6 23. f4 Qg6 24. Qe3 Rd7 25. Nb1 Rcd8 26. Nc3 Qf7 27. Na4 Rd6
28. Rd2 Qc7 29. Rfd1 Bc6 30. Nxb6 Qxb6 31. c5 Qb7 32. cxd6 Rxd6 33. Bc4 Ng4 34.
Qg3 Qb6 35. Qc3 Qb7 36. Ra2 Bb5 37. h3 Nf6 38. Qe3 Nd5 39. Bxd5 exd5 40. Rc1
Bd3 41. Rc3 Rb6 42. Rb2 Rb4 43. Rxd3 exd3 44. Qxd3 Qb6 45. Rd2 g6 46. Qe3 Kf7
47. Rd3 Qe6 48. Qe5 Qxe5 49. fxe5 g5 50. Kf2 f4 51. Kf3 Kg6 52. h4 Kf5 53. hxg5
hxg5 54. g3 g4+ 55. Kf2 f3 56. Ke3 a5 57. Rc3 a4 58. bxa4 Rxa4 59. Rb3 Ra2 60.
Rb8 Ra3+ 61. Kf2 Ke4 62. e6 Ra2+ 63. Ke1 Ke3 64. Kd1 Kd3 65. Kc1 Re2 0-1

[Event "65. BEM 2011"]
[Site "Dortmund"]
[Date "2011.02.15"]
[Round "5.10"]
[White "Horenburg, Oliver"]
[Black "Duschek, Günter"]
[Result "1/2-1/2"]
[WhiteElo "1785"]
[BlackElo "1609"]
[PlyCount "138"]
[EventDate "2011.??.??"]
[Source "SG Dortmund"]
[SourceDate "2004.12.16"]

1. d4 Nf6 2. Nf3 d5 3. e3 Bf5 4. c4 e6 5. Qb3 Qc8 6. Nc3 c6 7. Bd2 Be7 8. Ne5
Nbd7 9. cxd5 exd5 10. Rc1 Qb8 11. f4 Nxe5 12. fxe5 Ne4 13. Be2 O-O 14. O-O Nxd2
15. Qd1 Nxf1 16. Qxf1 Be6 17. Bd3 f5 18. Ne2 Bg5 19. Qf3 Qd8 20. Rf1 g6 21. Kh1
Qa5 22. Qg3 Bh6 23. Qh3 Kg7 24. Nc3 Qd8 25. Ne2 Qe7 26. Qg3 Qg5 27. Qh3 Qg4 28.
Qf3 Qxf3 29. Rxf3 Rf7 30. Kg1 Raf8 31. g3 f4 32. gxf4 Bg4 33. Rg3 Bxe2 34. Bxe2
Re7 35. Bg4 Kf7 36. Kf2 Bg7 37. Kf3 h5 38. Bh3 Bh6 39. Rg1 Rg8 40. Ke2 Rc7 41.
Rc1 b6 42. b4 a6 43. Kd3 b5 44. Bg2 Rd8 45. Bh3 Bf8 46. a3 Ra8 47. Bg2 Ke6 48.
Bh3+ Ke7 49. Rg1 Kf7 50. e6+ Kf6 51. f5 g5 52. e4 dxe4+ 53. Kxe4 Bd6 54. Rg2 g4
55. Bxg4 hxg4 56. Rxg4 Rg7 57. Rh4 Kg5 58. Rh3 Kg4 59. Rc3 Rc8 60. f6 Rg6 61.
h3+ Kg5 62. e7 Rxf6 63. Rxc6 Re6+ 64. Kd5 Rxc6 65. Kxe6 Bxe7+ 66. Kxe7 Rc3 67.
d5 Rxa3 68. d6 Re3+ 69. Kf7 Rf3+ {und hier endete die Partie remis.} ({
Leicht gewonnen haette} 69... Rf3+ 70. Ke7 Rxh3 71. d7 Rh7+ 72. Ke6 Rh8 73. Ke7
Kf5 74. d8=Q Rxd8 75. Kxd8 Ke6 76. Kc7 Kd5 77. Kb6 Kc4 {usw.}) 1/2-1/2

[Event "65. BEM 2011"]
[Site "Dortmund"]
[Date "2011.02.15"]
[Round "5.11"]
[White "Dreier, Daniel"]
[Black "Tekin, Baran"]
[Result "1-0"]
[WhiteElo "1841"]
[BlackElo "1481"]
[PlyCount "33"]
[EventDate "2011.??.??"]
[Source "SG Dortmund"]
[SourceDate "2004.12.16"]

1. f4 Nf6 2. Nf3 d6 3. Nc3 g6 4. e4 Bg7 5. d4 c5 6. Bc4 a6 7. e5 dxe5 8. fxe5
Ng4 9. O-O e6 10. Ne4 O-O 11. h3 Nh6 12. Bg5 Qb6 13. g4 cxd4 14. Qd2 Nxg4 15.
hxg4 Nc6 16. Nf6+ Kh8 17. Qh2 1-0

[Event "65. BEM 2011"]
[Site "Dortmund"]
[Date "2011.02.15"]
[Round "5.12"]
[White "Raabe, Hans-Ulrich"]
[Black "Sonntag, Joachim"]
[Result "0-1"]
[WhiteElo "1468"]
[BlackElo "1826"]
[PlyCount "50"]
[EventDate "2011.??.??"]
[Source "SG Dortmund"]
[SourceDate "2004.12.16"]

1. e4 c5 2. Nf3 Nc6 3. d4 cxd4 4. Nxd4 e6 5. Nc3 Qb6 6. Ndb5 Bc5 7. Nd6+ Ke7 8.
Nf5+ Kf8 9. Ne3 Ne5 10. Be2 Nf6 11. O-O Qc6 12. Bb5 Qc7 13. a3 a6 14. Be2 h5
15. h3 b5 16. Bd3 Bb7 17. Qe2 Ng6 18. g3 d5 19. exd5 exd5 20. Ng2 Re8 21. Qd2
Qxg3 22. Bxg6 Qxg6 23. Ne2 Rxe2 24. Qxe2 d4 25. f3 d3+ 0-1

[Event "65. BEM 2011"]
[Site "Dortmund"]
[Date "2011.02.15"]
[Round "5.13"]
[White "Grawe, Herbert"]
[Black "Raskin, Vitali"]
[Result "0-1"]
[WhiteElo "1457"]
[BlackElo "1749"]
[PlyCount "46"]
[EventDate "2011.??.??"]
[Source "SG Dortmund"]
[SourceDate "2004.12.16"]

1. Nc3 e5 2. e4 Nf6 3. a3 Nc6 4. Bc4 d6 5. d3 Be7 6. f4 Bg4 7. Nce2 d5 8. exd5
Nxd5 9. h3 Bh4+ 10. Kf1 Be6 11. g3 Bf6 12. Nf3 Qd7 13. g4 exf4 14. Nxf4 Nxf4
15. Bxe6 Nxe6 16. Kg2 O-O-O 17. Rf1 Qd5 18. a4 h5 19. Ra3 hxg4 20. hxg4 Qd6 21.
c4 Ncd4 22. Nxd4 Rh2+ 23. Kf3 Nxd4+ 0-1

[Event "65. BEM 2011"]
[Site "Dortmund"]
[Date "2011.02.16"]
[Round "5.14"]
[White "Vojdani, Bahram"]
[Black "Vogt, Christian"]
[Result "1-0"]
[WhiteElo "1596"]
[BlackElo "1376"]
[PlyCount "109"]
[EventDate "2011.??.??"]
[Source "SG Dortmund"]
[SourceDate "2004.12.16"]

1. g3 g6 2. Bg2 Bg7 3. Nf3 Nf6 4. O-O O-O 5. d3 d5 6. Nbd2 c6 7. e4 dxe4 8.
dxe4 Nbd7 9. c3 Nc5 10. Ne5 Nfd7 11. Nxd7 Qxd7 12. Nb3 Qxd1 13. Rxd1 Nxb3 14.
axb3 Be6 15. b4 Bb3 16. Rd7 Rfd8 17. Rxd8+ Rxd8 18. Be3 a6 19. Bh3 e6 20. Bf1
Rd1 21. Rxd1 Bxd1 22. f4 Ba4 23. Kf2 Bb5 24. c4 Ba4 25. e5 Bf8 26. Bc5 Bxc5+
27. bxc5 Kf8 28. Ke3 Bc2 29. Be2 h5 30. h3 Ke7 31. Bf3 Bf5 32. g4 hxg4 33. hxg4
Bc2 34. Kd2 Bb1 35. Kc3 Kd7 36. b4 Kc7 37. Be2 Be4 38. Bd1 b6 39. cxb6+ Kxb6
40. c5+ Ka7 41. Be2 Bd5 42. Kb2 Be4 43. Kb3 Kb7 44. Ka4 Bg2 45. Ka5 Kc7 46.
Kxa6 Be4 47. Ka5 Bc2 48. b5 cxb5 49. Bxb5 Bd1 50. g5 Kd8 51. Kb6 Bf3 52. Bc6
Bd5 53. Bb5 Ba8 54. c6 Ke7 55. c7 1-0

[Event "65. BEM 2011"]
[Site "Dortmund"]
[Date "2011.02.15"]
[Round "5.16"]
[White "Schlepütz, Volker"]
[Black "Gegner, Michael"]
[Result "1/2-1/2"]
[WhiteElo "1326"]
[BlackElo "1567"]
[PlyCount "119"]
[EventDate "2011.??.??"]
[Source "SG Dortmund"]
[SourceDate "2004.12.16"]

1. d4 h6 2. Nf3 g5 3. c3 Bg7 4. e4 e6 5. Be2 d6 6. O-O g4 7. Ne1 h5 8. Bf4 Ne7
9. Bg5 f6 10. Be3 Ng6 11. Qd2 Nc6 12. c4 e5 13. d5 Nce7 14. Nc3 h4 15. Nd3 g3
16. h3 Bd7 17. Rfc1 Qc8 18. Bf1 f5 19. f4 fxe4 20. Nxe4 Nf5 21. Rab1 Nxe3 22.
Qxe3 Bf5 23. c5 Qd7 24. cxd6 cxd6 25. Rc4 b5 26. Rb4 a5 27. Nxe5 Qa7 28. Bxb5+
Kf8 29. Nxg6+ Bxg6 30. Qxa7 Rxa7 31. Rc4 Bxe4 32. Rxe4 Rb7 33. a4 Rh5 34. Re8+
Kf7 35. Rbe1 Rf5 36. R8e4 Bxb2 37. Be8+ Kf8 38. Bc6 Rbf7 39. Rb1 Bf6 40. Rb8+
Kg7 41. Ra8 Bc3 42. Rd8 Rxf4 43. Rxf4 Rxf4 44. Rd7+ Kf6 45. Bb5 Ke5 46. Re7+
Kxd5 47. Rc7 Bb4 48. Rc1 Ke4 49. Rc4+ Ke3 50. Rxf4 Kxf4 51. Bc6 Ke5 52. Kf1 d5
53. Ke2 Kd4 54. Bb5 Kc3 55. Ba6 Kb3 56. Kd3 Kxa4 57. Kd4 Ka3 58. Kxd5 a4 59.
Kc4 Be7 60. Bb5 1/2-1/2

[Event "65. BEM 2011"]
[Site "Dortmund"]
[Date "2011.02.15"]
[Round "5.17"]
[White "Gennat, Egon L"]
[Black "Benke, Werner"]
[Result "0-1"]
[WhiteElo "1318"]
[BlackElo "1543"]
[PlyCount "104"]
[EventDate "2011.??.??"]
[Source "SG Dortmund"]
[SourceDate "2004.12.16"]

1. d4 d5 2. c4 e6 3. Nc3 Nf6 4. Bg5 Be7 5. Nf3 h6 6. Bh4 O-O 7. e3 a6 8. Bd3
dxc4 9. Bxc4 b5 10. Bd3 Bb7 11. a3 Nbd7 12. O-O c5 13. dxc5 Nxc5 14. Be2 Qb6
15. Qc2 Rac8 16. Rac1 Nce4 17. Ne5 Nxc3 18. bxc3 Qd6 19. Bf3 Bxf3 20. Nxf3 Qxa3
21. Rfd1 Qc5 22. h3 a5 23. Ra1 b4 24. c4 Rc7 25. Nd2 Ra7 26. Nb3 Qc7 27. Bg3
Qb6 28. Be5 Nd7 29. c5 Qb5 30. Bd6 Bxd6 31. Rxd6 a4 32. Qc1 {(=)} 32... e5 33.
c6 Nb6 34. c7 Raa8 35. Qd1 Rac8 36. Rd8 Kh7 37. Rxf8 Rxf8 38. Qd8 Qe8 39. Qxe8
Rxe8 40. Nc5 a3 41. Kf1 Rc8 42. Na6 Nd5 43. Ke2 Kg6 44. Kd3 Nxc7 45. Nxb4 Nb5
46. Nd5 Kh7 47. Ra2 Rd8 48. Kc4 Rxd5 49. Kxd5 Nc3+ 50. Kc4 Nxa2 51. Kb3 Nc1+
52. Kxa3 Nd3 0-1

[Event "65. BEM 2011"]
[Site "Dortmund"]
[Date "2011.02.15"]
[Round "5.18"]
[White "Jentzsch, Werner Wilfried"]
[Black "Zachos, Ingo"]
[Result "0-1"]
[WhiteElo "1301"]
[BlackElo "1999"]
[PlyCount "82"]
[EventDate "2011.??.??"]
[Source "SG Dortmund"]
[SourceDate "2004.12.16"]

1. d4 Nf6 2. Nc3 d6 3. e4 g6 4. f4 Bg7 5. Nf3 O-O 6. Bd2 b6 7. Bd3 Bb7 8. O-O
c5 9. d5 e6 10. dxe6 fxe6 11. Bc4 d5 12. exd5 exd5 13. Be2 Nc6 14. Ng5 Qd7 15.
Bf3 h6 16. Nh3 Nd4 17. Nf2 Nxf3+ 18. gxf3 Nh5 19. Rb1 Nxf4 20. Bxf4 Rxf4 21.
Nd3 Rh4 22. Qd2 Rf8 23. Qg2 Rf5 24. Ne2 d4 25. Rbe1 Qd6 26. Ng3 Rg5 27. Re8+
Kh7 28. Rfe1 c4 29. R8e6 Qd5 30. Nc1 Rf4 31. R6e4 Qd6 32. Rxf4 Qxf4 33. Nce2
Qd2 34. Nc1 Qxe1+ 35. Qf1 Qe3+ 36. Kg2 h5 37. h4 Rxg3+ 38. Kxg3 Be5+ 39. Kg2
Qf4 40. Kf2 Qxf3+ 41. Ke1 Bg3+ 0-1